| 000 | 00470nam a22001817a 4500 | ||
|---|---|---|---|
| 003 | MPLRDC | ||
| 005 | 20220104124628.0 | ||
| 008 | 210129b ||||| |||| 00| 0 eng d | ||
| 020 | _a978-7-5006-7675-1 | ||
| 082 | _a882.4 HRA | ||
| 100 | _aBOHUMIL HRABAL | ||
| 245 |
_a河畔小城 _c万世荣 等译 |
||
| 250 | _a一版二刷 | ||
| 260 |
_a中国 _b中国青年出版社 _c2008 |
||
| 300 | _b410 | ||
| 650 | _a捷克文学--长篇小说 | ||
| 942 |
_cBK _o882.4 HRA |
||
| 999 |
_c20876 _d20866 |
||